| 000 | 00791nam a22002057a 4500 | ||
|---|---|---|---|
| 999 |
_c4185 _d4185 |
||
| 003 | AR-CdUCM | ||
| 008 | 190308b ||||| |||| 00| 0 spa d | ||
| 040 |
_aMUNICIPALIDAD PROVINCIAL DEL CUSCO _cBIBLIOTECA MUNICIPAL DEL CUSCO |
||
| 082 |
_a860.9 / _bB82 |
||
| 100 |
_aBravo Villasante, Carmen, _9667 |
||
| 245 | _aHistoria de la literatura infantil espaƱola / | ||
| 260 |
_aMadrid : _bRevista de Occidente, _c1959. |
||
| 300 |
_a280 paginas ; _blaminas,ilustraciones, _c23 cm. |
||
| 505 | _aContenido :De la edad media al renacimiento --Siglos XVI y XVII --Literatura infantil ,francesa e inglesa --El siglo XVIII --Aleluyas y Augas ... | ||
| 650 |
_aLiteratura infantil espaƱola _913268 |
||
| 650 |
_aHistoria _9136 |
||
| 650 |
_aCritica _9666 |
||
| 942 |
_2ddc _cLIBROS |
||
| 945 | _arjall | ||